| 000 | 00606nam a2200193Ia 4500 | ||
|---|---|---|---|
| 005 | 20250508160201.0 | ||
| 008 | 008 250505s9999 xx 000 0 eng d | ||
| 037 | _aDissertations | ||
| 040 |
_aFEDL _beng _cFEDL |
||
| 041 |
_aeng _2eng |
||
| 084 |
_a371.209 545, YAD _qFEDL |
||
| 100 |
_aYadav Gajraj Singh _9768066 |
||
| 245 | 0 | _aSupervisory functions of headmasters/principals in high/higher secondary schools in Haryana | |
| 260 | _c1970 | ||
| 300 | _a108p. | ||
| 546 | _aM. Ed. Dissertation (Delhi University) | ||
| 942 |
_cDIS _h371.209 545, YAD |
||
| 999 |
_c1362482 _d1362482 |
||